|
|
|
|
| LEADER |
00886cam a2200241 7i4500 |
| 001 |
0000002297 |
| 005 |
20210126090000.0 |
| 008 |
100728 eng |
| 020 |
|
|
|a 0471210048 (pbk.)
|
| 020 |
|
|
|a 9780471210047
|
| 090 |
0 |
0 |
|a QH441.2
|b .P48 2003
|
| 100 |
1 |
|
|a Pevsner, Jonathan
|
| 245 |
1 |
0 |
|a Bioinformatics and functional genomics
|c Jonathan Pevsner.
|
| 260 |
|
|
|a Hoboken, N. J.:
|b Wiley-Liss, Inc.,
|c 2003.
|
| 300 |
|
|
|a xxv, 753 p.:
|b ill.;
|c 28 cm.
|
| 504 |
|
|
|a Includes bibliographical references and index
|
| 650 |
0 |
0 |
|a Proteomics
|
| 650 |
0 |
0 |
|a Bioinformatics
|
| 650 |
0 |
0 |
|a Genetics --
|x Data processing
|
| 997 |
|
|
|a Engineering & Life Sciences, Faculty
|b Science & Biotechnology, Department
|
| 998 |
|
|
|a Bioinformatics, Degree
|
| 999 |
|
|
|a 0000010878
|b BOK
|c OPEN SHELF
|e 2nd Floor, Bestari Jaya
|
| 999 |
|
|
|a 0000011839
|b BOK
|c OPEN SHELF
|e 2nd Floor, Bestari Jaya
|